000 00510nam a2200181Ia 4500
999 _c14301
_d14301
003 OSt
005 20201027121303.0
008 190216s9999||||xx |||||||||||||| ||und||
020 _a0552772992
040 _coclc
082 _a823.92
_bMAK/E
100 _a Makis, Eve
_96058
245 0 _aEat, Drink And Be Married /
_cEve Makis
260 _bBlack Swan,
_c2004.
_aLondon:
300 _a316p
650 _aEnglish Story-English Story
942 _cBK
_2ddc
_h823.92
_iMAK/E
_k823.92
_mMAK/E